Joueurs des Girondins de Bordeaux - Statistiques

Statistiques générales
  • Ce quiz a été pris 260 fois
  • Le résultat moyen est 15 sur 26
Answers on the Grid
Answers color-coded by a green-red scale on the quiz's grid according to % correct below.
Zidane
Dugarry
Lizarazu
Battiston
Gourcuff
Malcom
Wendel
Thauvin
Domenech
Blanc
Costil
Trémoulinas
Trésor
Valbuena
Koscielny
Ben Arfa
Pablo
Mériem
Anderson
Pochettino
Giresse
Ramé
Planus
Pauleta
Menez
Lacombe
Gignac
Chamakh
Diabaté
Obertan
Plasil
Jallet
 
Statistiques - réponses
Réponse % Correct
Zidane
98%
Gourcuff
95%
Dugarry
90%
Malcom
89%
Lizarazu
87%
Wendel
75%
Costil
67%
Battiston
63%
Trémoulinas
63%
Giresse
58%
Pauleta
57%
Chamakh
56%
Diabaté
56%
Koscielny
54%
Planus
53%
Plasil
53%
Trésor
53%
Ben Arfa
50%
Ramé
50%
Menez
48%
Pablo
47%
Obertan
45%
Lacombe
40%
Mériem
36%
Domenech
29%
Pochettino
26%
Aucun quiz correspondant
Distribution des résultats
% des personnes avec chaque résultat
Percentile par nombre de réponses
Votre historique - résultats
Vous n’avez pas pris ce quiz